日本神話に登場する神々の読み方 - Statistics

General Stats
  • This quiz has been taken 210 times
  • The average score is 12 of 18
Answer Stats
神名 読み % Correct
天照大御神 {あまてらす}おおみかみ
100%
須佐之男命 {すさのお}のみこと
94%
伊邪那岐 いざなぎ
93%
伊邪那美 いざなみ
93%
八咫烏 やたがらす
85%
八俣遠呂知 やまたのおろち
79%
月読命 {つくよみ}のみこと
78%
櫛名田比売 {くしなだ}ひめ
76%
大国主神 {おおくにぬし}のかみ
74%
猿田毘古神 {さるたびこ}のかみ
73%
気比大神 {けひ}のおおかみ
64%
稲羽之素菟 いなばのしろうさぎ
57%
海神 わたつみ
41%
木花開耶姫 {このはなさくや}ひめ
41%
建御雷神 {たけみかづち}のかみ
36%
邇邇芸命 {ににぎ}のみこと
34%
五十猛神 {いそたける}のかみ
22%
久延毘古 くえびこ
14%
No matching quizzes found
Score Distribution
Percent of People with Each Score
Percentile by Number Answered
Your Score History
You have not taken this quiz